000 00308 a2200157 4500
001 61835
020 _a
040 _cAnchieta - Pituba
100 _aGottschall, Irenise
240 1 0 _aJesus na arte
_lpor
245 1 0 _aJesus na arte
300 _a192
362 0 _a1986
650 4 _aArtes
942 _cBK
999 _c61835
_d61835